00771nam a2200253Ia 4500003007800000008004100078040001300119040001300132041000800145100003400153100001000187245007100197250002900268260001200297260001500309300000900324300001200333300001100345490001300356600000600369942001300375999001700388952011200405Inserito da: Anna In data: 05 ottobre 2011 fondo: Via A.Severo 56 Progr:22637120407s9999 xx 000 0 und d aIT-RoPAU cIT-RoPAU bita aTeresa di Gesù (d’Avila ) csanta a"La vita scritta da lei medesima. manca il volume I: cc. I-XXII.  aVolume II cc. XXIII-XL." aFirenze cFiorentina a1930 b18,5 cm c293 p. vbrossura a1 cIT-RoPAU c31693d31693 0010406277_12000000000000071aPAULUSbPAULUSd2012-04-11l0o277.12r2012-04-11 00:00:00w2012-04-11yBK